[Event "15th Delhi Open 2017"]
[Site "New Delhi IND"]
[Date "2017.01.14"]
[Round "8.23"]
[White "Thakur, Akash"]
[Black "Deshmukh, Anup"]
[Result "1-0"]
[WhiteTitle "FM"]
[BlackTitle "IM"]
[WhiteElo "2369"]
[BlackElo "2244"]
[WhiteFideId "5008514"]
[BlackFideId "5000564"]
[EventDate "2017.01.09"]
[EventType "swiss"]

1. e4 e6 2. d4 d5 3. Nc3 Bb4 4. e5 c5 5. a3 Bxc3+ 6. bxc3 Nc6 7. Qg4 Nge7 8.
Qxg7 Rg8 9. Qxh7 cxd4 10. cxd4 Nxd4 11. Qd3 Nec6 12. f4 Bd7 13. Rb1 Qa5+ 14. c3 1-0

[Event "15th Delhi Open 2017"]
[Site "New Delhi IND"]
[Date "2017.01.14"]
[Round "8.24"]
[White "Patil, Pratik"]
[Black "Iniyan, P"]
[Result "1/2-1/2"]
[WhiteElo "2208"]
[BlackElo "2363"]
[WhiteFideId "5038758"]
[BlackFideId "25002767"]
[EventDate "2017.01.09"]
[EventType "swiss"]

1. e4 c5 2. c3 g6 3. d4 cxd4 4. cxd4 d5 5. e5 Nc6 6. Nc3 h5 7. h3 Nh6 8. Nf3 Nf5
9. Bb5 e6 10. Bg5 Be7 11. Bxe7 Qxe7 12. Qd2 Bd7 13. O-O Nb8 14. Bd3 Nh4 15. Ng5
Nc6 16. Qf4 Nb4 17. Rfd1 Nf5 18. Bxf5 gxf5 19. a3 Na6 20. Rac1 h4 21. Qe3 Kf8
22. f4 Nc7 23. Nce4 Ba4 24. Rxc7 Qxc7 25. Rc1 Qe7 26. Nf6 Rh6 27. g3 Qd8 28.
gxh4 Rc8 29. h5 Rc6 30. Rxc6 Bxc6 31. Ngh7+ Kg7 32. Qg3+ Kh8 33. Qg5 Rxh7 34.
Nxh7 Qb6 35. Nf6 Qxd4+ 36. Kf1 Bb5+ 37. Kg2 Qxb2+ 38. Kg1 Qc1+ 39. Kh2 Qd2+ 40.
Kh1 Qe1+ 41. Kh2 Qf2+ 42. Kh1 Qf3+ 43. Kh2 Qe2+ 44. Kh1 Qf1+ 1/2-1/2

[Event "15th Delhi Open 2017"]
[Site "New Delhi IND"]
[Date "2017.01.14"]
[Round "8.25"]
[White "Masango, Spencer"]
[Black "Nouri, Hamed"]
[Result "1-0"]
[WhiteElo "2198"]
[BlackElo "2363"]
[WhiteFideId "14300753"]
[BlackFideId "5201454"]
[EventDate "2017.01.09"]
[EventType "swiss"]

1. Nf3 c5 2. c4 Nc6 3. Nc3 g6 4. g3 Bg7 5. Bg2 a6 6. O-O Rb8 7. Qa4 d6 8. Rb1
Bd7 9. d3 b5 10. cxb5 axb5 11. Qh4 h6 12. Nd5 g5 13. Qe4 e6 14. Nc3 Bd4 15. Nxd4
cxd4 16. Nxb5 Nf6 17. Qxc6 Bxc6 18. Bxc6+ Kf8 19. a4 Qc8 20. Bf3 g4 21. Bg2 Qc2
22. Nxd4 Qxa4 23. Be3 Qd7 24. Bc6 Qe7 25. b4 Kg7 26. b5 Nd7 27. Ra1 Ne5 28. Bg2
Rhc8 29. Ra6 Qc7 30. b6 Qc3 31. b7 Rd8 32. Rb1 d5 33. Rab6 Nd7 34. R6b3 Qc7 35.
Rc1 Qa5 36. Nc6 Qa4 37. Rb4 Qa2 38. Rxg4+ Kh7 39. Nxd8 Rxd8 40. Rc7 Qb1+ 41. Bf1
Ne5 42. Ra4 Rd7 43. Rxd7 Nxd7 44. Ra7 Kg6 45. h4 Ne5 46. Bf4 Nc6 47. b8=Q Nxb8 1-0

[Event "15th Delhi Open 2017"]
[Site "New Delhi IND"]
[Date "2017.01.14"]
[Round "8.26"]
[White "Dhulipalla, Bala Chandra Prasad"]
[Black "Jayakumaar, S"]
[Result "1/2-1/2"]
[WhiteElo "2353"]
[BlackElo "2211"]
[WhiteFideId "25005812"]
[BlackFideId "5090997"]
[EventDate "2017.01.09"]
[EventType "swiss"]

1. d4 d5 2. Bf4 Nf6 3. e3 c5 4. Nf3 Nc6 5. Nbd2 Bf5 6. Bb5 Qb6 7. c4 e6 8. O-O
Be7 9. dxc5 Bxc5 10. Nb3 O-O 11. Nxc5 Qxc5 12. Rc1 Nb4 13. Qd4 Qxd4 14. Nxd4
Rfc8 15. Nxf5 exf5 16. cxd5 Nfxd5 17. a3 Nxf4 18. exf4 Nd5 19. g3 g6 20. Rcd1
Rd8 21. Rfe1 Kf8 22. Be2 Rd7 23. Rc1 Rad8 24. Bb5 Rc7 25. Rcd1 Rcc8 26. Be2 Rd7
27. Bf3 Rcd8 28. Rc1 Nf6 29. Re2 Rd2 30. Rxd2 Rxd2 31. Rc8+ 1/2-1/2

[Event "15th Delhi Open 2017"]
[Site "New Delhi IND"]
[Date "2017.01.14"]
[Round "8.27"]
[White "Gireman, Ja"]
[Black "Srijit, Paul"]
[Result "1-0"]
[WhiteElo "2199"]
[BlackElo "2347"]
[WhiteFideId "5043794"]
[BlackFideId "5094798"]
[EventDate "2017.01.09"]
[EventType "swiss"]

1. e4 c5 2. Nf3 e6 3. d4 cxd4 4. Nxd4 Nc6 5. Nc3 a6 6. Be2 Nf6 7. O-O d5 8. Bf3
Be7 9. exd5 exd5 10. Re1 O-O 11. Bf4 Bb4 12. Qd3 Qb6 13. Nxc6 bxc6 14. Be3 Qc7
15. Bd4 Nd7 16. Bxg7 Nc5 17. Qd4 Ne6 18. Qxb4 Kxg7 19. Ne2 Kg8 20. Qc3 Bd7 21.
Ng3 Rab8 22. Nf5 f6 23. Ne7+ Kf7 24. Qa3 Qf4 25. Bh5+ Kg7 26. Nxc6 Bxc6 27. Rxe6
Ba8 28. Re7+ Kh8 29. Bg6 Qg5 30. Rxh7+ 1-0

[Event "15th Delhi Open 2017"]
[Site "New Delhi IND"]
[Date "2017.01.14"]
[Round "8.28"]
[White "Raahul, V S"]
[Black "Kulkarni, Rakesh"]
[Result "1/2-1/2"]
[WhiteElo "2089"]
[BlackElo "2344"]
[WhiteFideId "25035525"]
[BlackFideId "5037077"]
[EventDate "2017.01.09"]
[EventType "swiss"]

1. d4 Nf6 2. Bg5 c5 3. dxc5 e5 4. Nc3 Bxc5 5. Bxf6 Qxf6 6. Ne4 Bb4+ 7. c3 Qc6 8.
Qd3 Be7 9. O-O-O f5 10. Ng3 O-O 11. Nxf5 Bg5+ 12. Ne3 d5 13. Nf3 e4 14. Qxd5+
Qxd5 15. Rxd5 Bxe3+ 16. fxe3 exf3 17. exf3 Be6 18. Bc4 Nc6 19. Rc5 Rae8 20. e4
Bxc4 21. Rxc4 Re5 22. Rd1 Rg5 23. Rd2 Rf6 24. a4 a6 25. b4 h5 26. Kd1 h4 27. e5
Rfg6 28. b5 axb5 29. axb5 Ne7 30. Rf4 Rxe5 31. Rd8+ Kh7 32. Rxh4+ Rh6 33. Rxh6+
Kxh6 34. Rd7 Nd5 35. Kd2 1/2-1/2

[Event "15th Delhi Open 2017"]
[Site "New Delhi IND"]
[Date "2017.01.14"]
[Round "8.29"]
[White "Dodeja, Pawan"]
[Black "Toma, Katarzyna"]
[Result "1-0"]
[BlackTitle "WGM"]
[WhiteElo "2189"]
[BlackElo "2322"]
[WhiteFideId "5012686"]
[BlackFideId "1119907"]
[EventDate "2017.01.09"]
[EventType "swiss"]

1. e4 e5 2. Nf3 d6 3. d4 Nd7 4. Bc4 c6 5. O-O Be7 6. dxe5 dxe5 7. Ng5 Bxg5 8.
Qh5 Qe7 9. Qxg5 Ngf6 10. b3 b5 11. Ba3 b4 12. Bb2 O-O 13. Nd2 h6 14. Qe3 a5 15.
a3 Bb7 16. Rfd1 Nc5 17. Nf3 Ncxe4 18. Nxe5 Nd6 19. Qc5 Nfe4 20. Ng6 Qe8 21. Qd4
Nf5 22. Qb6 Ned6 23. Nxf8 Qxf8 24. axb4 a4 25. Bd3 1-0

[Event "15th Delhi Open 2017"]
[Site "New Delhi IND"]
[Date "2017.01.14"]
[Round "8.30"]
[White "Sangma, Rahul"]
[Black "Akash Pc, Iyer"]
[Result "1-0"]
[WhiteTitle "IM"]
[WhiteElo "2314"]
[BlackElo "2205"]
[WhiteFideId "5013615"]
[BlackFideId "5006775"]
[EventDate "2017.01.09"]
[EventType "swiss"]

1. Nf3 d5 2. c4 c6 3. e3 e6 4. Nc3 f5 5. a3 a5 6. b3 Bd6 7. Bb2 Nf6 8. Qc2 Qe7
9. g3 O-O 10. Bg2 e5 11. cxd5 Nxd5 12. O-O Be6 13. Rfe1 Nxc3 14. Bxc3 Nd7 15. b4
a4 16. e4 fxe4 17. Qxe4 Bd5 18. Qe3 Rae8 19. Ng5 Nf6 20. Qd3 e4 21. Bxf6 exd3
22. Bxe7 Rxe7 23. Re3 Rxe3 24. fxe3 Bb3 25. Nf3 Bd5 26. Ne1 Bc4 27. Rc1 b5 28.
Be4 Rd8 29. Bxd3 Bxd3 30. Nxd3 Be7 31. Ne5 Rxd2 32. Nxc6 Bg5 33. Rc3 Bf6 34. Rc5
Rd3 35. e4 Rxa3 36. e5 Bg5 37. Rxb5 Kf7 38. e6+ Kg6 39. e7 Be3+ 40. Kg2 1-0

[Event "15th Delhi Open 2017"]
[Site "New Delhi IND"]
[Date "2017.01.14"]
[Round "8.31"]
[White "Tokhirjonova, Gulrukhbegim"]
[Black "Debarshi, Mukherjee"]
[Result "1/2-1/2"]
[WhiteTitle "WGM"]
[WhiteElo "2284"]
[BlackElo "2193"]
[WhiteFideId "14203626"]
[BlackFideId "5007291"]
[EventDate "2017.01.09"]
[EventType "swiss"]

1. e4 c5 2. Nf3 d6 3. d4 cxd4 4. Nxd4 Nf6 5. Nc3 a6 6. h3 e6 7. g4 d5 8. Bg2 Bb4
9. e5 Nfd7 10. Bf4 Qc7 11. O-O Bxc3 12. bxc3 O-O 13. Qe1 Nb6 14. Qe3 N8d7 15.
Qg3 Nc5 16. Rae1 Bd7 17. h4 Bb5 18. Nxb5 axb5 19. Rb1 Qc6 20. Be3 Rxa2 21. Rfc1
Nc4 22. h5 Na3 23. h6 Nxb1 24. Qf4 Nd7 25. hxg7 Rfa8 26. Rxb1 Ra1 27. Rxa1 Rxa1+
28. Kh2 Qc7 29. Bd4 f6 30. Kh3 fxe5 31. Qh6 Ra6 32. Bf1 Qd8 33. Bd3 e4 34. Bxb5
Rd6 35. g5 Qe8 36. Be5 Rc6 37. Bxc6 bxc6 38. Bf6 Qg6 1/2-1/2

[Event "15th Delhi Open 2017"]
[Site "New Delhi IND"]
[Date "2017.01.15"]
[Round "9.1"]
[White "Amonatov, Farrukh"]
[Black "Swayams, Mishra"]
[Result "1/2-1/2"]
[WhiteTitle "GM"]
[BlackTitle "IM"]
[WhiteElo "2619"]
[BlackElo "2491"]
[WhiteFideId "14700077"]
[BlackFideId "5028183"]
[EventDate "2017.01.09"]

1. e4 c6 2. d4 d5 3. Nc3 dxe4 4. Nxe4 Bf5 5. Ng3 Bg6 6. h4 h6 7. Nf3 Nd7 8. h5
Bh7 9. Bd3 Bxd3 10. Qxd3 e6 11. Bf4 Qa5+ 12. Bd2 Bb4 13. Ne4 Ngf6 14. Nd6+ Ke7
15. Nc4 Bxd2+ 16. Nfxd2 Qd5 17. Ne3 Qa5 18. Nc4 Qd5 19. Ne3 Qa5 1/2-1/2

[Event "15th Delhi Open 2017"]
[Site "New Delhi IND"]
[Date "2017.01.15"]
[Round "9.2"]
[White "Ghosh, Diptayan"]
[Black "Saptarshi, Roy"]
[Result "1-0"]
[WhiteTitle "GM"]
[BlackTitle "IM"]
[WhiteElo "2570"]
[BlackElo "2418"]
[WhiteFideId "5045207"]
[BlackFideId "5008980"]
[EventDate "2017.01.09"]

1. d4 d5 2. c4 e6 3. Nc3 c6 4. e3 Nf6 5. Nf3 Nbd7 6. Qc2 Bd6 7. Bd3 O-O 8. O-O
e5 9. cxd5 cxd5 10. e4 exd4 11. Nxd5 Nxd5 12. exd5 h6 13. Nxd4 Nf6 14. Rd1 Bg4
15. Be2 Rc8 16. Qd3 Re8 17. h3 Bd7 18. Bf3 Qe7 19. Ne2 Rc5 20. Be3 Bb5 21. Qd2
Rc4 22. Nc3 Bd7 23. Bd4 Bb8 24. Qd3 Rb4 25. Rab1 g6 26. Qd2 Kh7 27. g3 Qd6 28.
Re1 Bxh3 29. Rxe8 Nxe8 30. Ne4 Rxd4 31. Qxd4 Qe7 32. Re1 Qd7 33. Nc5 Qb5 34. a4 1-0

[Event "15th Delhi Open 2017"]
[Site "New Delhi IND"]
[Date "2017.01.15"]
[Round "9.3"]
[White "Visakh, N R"]
[Black "Karthikeyan, Murali"]
[Result "1/2-1/2"]
[WhiteTitle "IM"]
[BlackTitle "GM"]
[WhiteElo "2453"]
[BlackElo "2564"]
[WhiteFideId "25012223"]
[BlackFideId "5074452"]
[EventDate "2017.01.09"]

1. e4 c5 2. Nf3 d6 3. d4 cxd4 4. Nxd4 Nf6 5. Nc3 Nc6 6. Be2 e6 7. O-O Be7 8. Be3
O-O 9. f4 e5 10. Nb3 exf4 11. Rxf4 Be6 12. Nd4 Nxd4 13. Bxd4 a6 14. Kh1 Rc8 15.
a4 Nd7 16. Bg4 Bf6 17. Bf5 Bxd4 18. Qxd4 Qb6 19. Qxb6 Nxb6 20. a5 Nc4 21. Nd5
Rfe8 22. b3 Nd2 23. Rd1 Bxf5 24. exf5 Re5 25. Nb4 Ne4 26. Nd3 Ree8 27. c4 d5 28.
cxd5 Nc3 29. Rc1 Nxd5 30. Rxc8 Rxc8 31. Rd4 Ne3 32. g4 h5 33. h3 Kh7 34. Re4 Nd5
35. Rd4 Ne3 36. Re4 Nd5 37. Re5 Rd8 38. g5 f6 39. gxf6 Nxf6 40. Nc5 Rd1+ 41. Kg2
Nd7 42. Nxd7 Rxd7 43. b4 Kh6 44. h4 Rd4 45. Re6+ Kh7 46. Rb6 Rxh4 47. Rxb7 Kh6
48. Rb6+ Kg5 49. Rxa6 Rg4+ 50. Kh3 Rxb4 51. Rg6+ 1/2-1/2

[Event "15th Delhi Open 2017"]
[Site "New Delhi IND"]
[Date "2017.01.15"]
[Round "9.4"]
[White "Navalgund, Niranjan"]
[Black "Dzhumaev, Marat"]
[Result "0-1"]
[BlackTitle "GM"]
[WhiteElo "2207"]
[BlackElo "2457"]
[WhiteFideId "5030854"]
[BlackFideId "14200236"]
[EventDate "2017.01.09"]

1. d4 Nf6 2. c4 e6 3. g3 c5 4. d5 exd5 5. cxd5 Bd6 6. Nc3 O-O 7. Bg2 Bc7 8. d6
Ba5 9. Nh3 Nc6 10. O-O b6 11. Nd5 Nxd5 12. Qxd5 h6 13. g4 Ba6 14. g5 Bxe2 15.
gxh6 Qf6 16. Bg5 Qd4 17. hxg7 Kxg7 18. Qf5 Qxd6 19. Nf4 Nd4 20. Qh3 Rh8 21. Qg3
Nf5 22. Qb3 Rae8 23. h4 Nxh4 24. Bd5 Re5 25. Qg3 Rxg5 26. Qxg5+ Ng6 27. Bxf7 Bf3
28. Ne6+ Qxe6 0-1

[Event "15th Delhi Open 2017"]
[Site "New Delhi IND"]
[Date "2017.01.15"]
[Round "9.5"]
[White "Lalith, Babu M R"]
[Black "Deviatkin, Andrei"]
[Result "1/2-1/2"]
[WhiteTitle "GM"]
[BlackTitle "GM"]
[WhiteElo "2587"]
[BlackElo "2499"]
[WhiteFideId "5024595"]
[BlackFideId "4121260"]
[EventDate "2017.01.09"]

1. Nf3 d5 2. d4 Nf6 3. c4 c6 4. Nc3 dxc4 5. a4 Bf5 6. e3 e6 7. Bxc4 Bb4 8. O-O
O-O 9. Qe2 Nbd7 10. e4 Bg6 11. Bd3 Bh5 12. e5 Nd5 13. Nxd5 cxd5 14. Qe3 Bg6 15.
Bd2 Bxd3 16. Qxd3 Bxd2 17. Qxd2 Rc8 18. Rfc1 Nb8 19. Rxc8 1/2-1/2

[Event "15th Delhi Open 2017"]
[Site "New Delhi IND"]
[Date "2017.01.15"]
[Round "9.6"]
[White "Tukhaev, Adam"]
[Black "Sunilduth Lyna, Narayanan"]
[Result "1-0"]
[WhiteTitle "GM"]
[BlackTitle "GM"]
[WhiteElo "2516"]
[BlackElo "2541"]
[WhiteFideId "14109476"]
[BlackFideId "5058422"]
[EventDate "2017.01.09"]

1. e4 c6 2. Nc3 d5 3. Nf3 Bg4 4. h3 Bxf3 5. Qxf3 e6 6. d4 dxe4 7. Qxe4 Nf6 8.
Qd3 Na6 9. a3 Qa5 10. Rb1 Nc7 11. Be2 O-O-O 12. O-O Qf5 13. Qd2 Ne4 14. Qd1 Nxc3
15. bxc3 Bd6 16. Bd3 Qf6 17. Qh5 h6 18. Qa5 Kb8 19. c4 Bf4 20. Be4 e5 21. Bxf4
exf4 22. Rb3 Rd7 23. Rfb1 Na8 24. d5 cxd5 25. Bxd5 Nb6 26. Bf3 Re8 27. c5 Re5
28. Rb5 Nd5 29. c4 a6 30. R5b3 1-0

[Event "15th Delhi Open 2017"]
[Site "New Delhi IND"]
[Date "2017.01.15"]
[Round "9.7"]
[White "Nguyen, Huynh Minh Huy"]
[Black "Sivuk, Vitaly"]
[Result "1/2-1/2"]
[WhiteTitle "GM"]
[BlackTitle "GM"]
[WhiteElo "2448"]
[BlackElo "2540"]
[WhiteFideId "12401269"]
[BlackFideId "14116502"]
[EventDate "2017.01.09"]

1. d4 Nf6 2. Nf3 e6 3. Bf4 Be7 4. h3 c5 5. e3 O-O 6. Nbd2 b6 7. c3 Bb7 8. Bd3 d6
9. O-O Nbd7 10. Bh2 Re8 11. Qe2 a6 12. e4 cxd4 13. cxd4 Bf8 14. a3 e5 15. dxe5
Nxe5 16. Nxe5 dxe5 17. Nf3 Bd6 18. Rfd1 Qe7 19. Rd2 Red8 20. Rad1 Bc7 21. Bb1
Rxd2 22. Rxd2 g6 23. Bg3 Nh5 24. Bh4 f6 25. Qd1 Rd8 26. Rxd8+ Qxd8 27. Qxd8+
Bxd8 28. g4 Nf4 29. Kh2 g5 30. Bg3 Ne2 31. Ne1 b5 32. f3 Bb6 33. Nd3 a5 34. Be1
Kf8 35. Kg2 Ke7 36. Kf1 Nd4 37. Bf2 Bc8 38. Bxd4 Bxd4 39. Ba2 b4 40. Bc4 bxa3
41. bxa3 Bd7 1/2-1/2

[Event "15th Delhi Open 2017"]
[Site "New Delhi IND"]
[Date "2017.01.15"]
[Round "9.8"]
[White "Aradhya, Garg"]
[Black "Movsziszian, Karen"]
[Result "0-1"]
[BlackTitle "GM"]
[WhiteElo "2230"]
[BlackElo "2507"]
[WhiteFideId "25006746"]
[BlackFideId "13301152"]
[EventDate "2017.01.09"]

1. d4 d6 2. Nf3 g6 3. g3 Bg7 4. Bg2 Nf6 5. O-O O-O 6. c4 c6 7. Nc3 Qb6 8. h3 Qa6
9. b3 b5 10. cxb5 cxb5 11. a4 b4 12. Nb5 Qb6 13. Bg5 Bb7 14. Rc1 a6 15. Nc7 Ra7
16. Qc2 Nbd7 17. Qc4 Bxf3 18. Bxf6 Bxf6 19. Bxf3 Rc8 20. Nd5 Rxc4 21. Nxb6 Rxc1
22. Rxc1 Nxb6 23. a5 Nd7 24. Rc4 e6 25. e3 d5 26. Rc6 Kg7 27. Rc8 Be7 28. Be2
Bd6 29. Rd8 Kf6 0-1

[Event "15th Delhi Open 2017"]
[Site "New Delhi IND"]
[Date "2017.01.15"]
[Round "9.9"]
[White "David, Alberto"]
[Black "Thakur, Akash"]
[Result "1/2-1/2"]
[WhiteTitle "GM"]
[BlackTitle "FM"]
[WhiteElo "2569"]
[BlackElo "2369"]
[WhiteFideId "4000013"]
[BlackFideId "5008514"]
[EventDate "2017.01.09"]

1. c4 Nf6 2. Nc3 e5 3. Nf3 Nc6 4. e3 d5 5. cxd5 Nxd5 6. Qc2 Be7 7. a3 O-O 8. Be2
Be6 9. O-O f5 10. d3 a5 11. Re1 Kh8 12. Bd2 Qe8 13. Rac1 Rd8 14. Nb5 Qg6 15. d4
e4 16. Ne5 Nxe5 17. dxe5 c5 18. Bxa5 b6 19. Bd2 f4 20. exf4 Nxf4 21. Bxf4 Rxf4
22. Qc3 Rdf8 23. Rf1 Rf3 24. Qc2 R3f4 25. Qc3 Rf3 26. Qc2 R3f4 27. Qc3 Rf3 1/2-1/2

[Event "15th Delhi Open 2017"]
[Site "New Delhi IND"]
[Date "2017.01.15"]
[Round "9.10"]
[White "Ravi, Teja S."]
[Black "Horvath, Adam1"]
[Result "1/2-1/2"]
[WhiteTitle "IM"]
[BlackTitle "GM"]
[WhiteElo "2388"]
[BlackElo "2499"]
[WhiteFideId "5017220"]
[BlackFideId "708003"]
[EventDate "2017.01.09"]

1. d4 Nf6 2. c4 e6 3. Nf3 Bb4+ 4. Bd2 Qe7 5. g3 Bxd2+ 6. Qxd2 Nc6 7. Nc3 d5 8.
Ne5 dxc4 9. Nxc4 O-O 10. e3 Rd8 11. Bg2 e5 12. d5 e4 13. O-O Bf5 14. h3 Nb4 15.
g4 Bg6 16. d6 cxd6 17. Nxe4 Bxe4 18. Qxb4 Bxg2 19. Kxg2 Qe4+ 20. f3 Qe6 21. Qb3
d5 22. Na3 h5 23. Nb5 Rac8 24. Nd4 Qe5 25. Qd3 g6 26. Rac1 Kg7 27. Rc3 hxg4 28.
hxg4 Rh8 29. f4 Qe8 30. Rfc1 Qd7 31. f5 Nxg4 32. Rxc8 Rxc8 33. Rxc8 Qxc8 34.
fxg6 fxg6 35. Qa3 Qd7 36. Qc3 Nf6 37. Nf3 Qe7 38. Kf2 a6 39. Ke2 Kh6 40. Qc8 Kg7
41. Ng5 Ne8 42. Ne6+ Kh6 43. Nf4 d4 44. Qh3+ Kg7 45. Ne6+ Kg8 46. Nxd4 Nd6 47.
Qg2 Qf7 48. b3 Kg7 49. Qg5 Qf2+ 50. Kd3 Qd2+ 51. Kxd2 Ne4+ 52. Kd3 Nxg5 53. Kc4
Kf6 54. Kd5 Nf7 55. e4 Ne5 56. Ne6 a5 57. Nf4 Nf7 58. Nd3 g5 59. e5+ Ke7 60. Ke4
Nd8 61. b4 axb4 62. Nxb4 Ke6 63. Nd3 b6 64. Ne1 Nb7 65. Nd3 Na5 66. Ne1 Nb7 67.
Nd3 b5 68. a3 Na5 69. Nc5+ Ke7 70. a4 b4 71. Kf5 Nc6 72. a5 Nxa5 73. Kxg5 Nb7
74. Nb3 Ke6 75. Kf4 Kd5 76. e6 Nd6 77. e7 Ke6 78. Ke3 Nf5+ 79. Kd3 Nxe7 80. Kc4
Kd6 81. Kxb4 1/2-1/2

[Event "15th Delhi Open 2017"]
[Site "New Delhi IND"]
[Date "2017.01.15"]
[Round "9.11"]
[White "Czebe, Attila"]
[Black "Shashikant, Kutwal"]
[Result "1-0"]
[WhiteTitle "GM"]
[WhiteElo "2491"]
[BlackElo "2257"]
[WhiteFideId "705268"]
[BlackFideId "5006520"]
[EventDate "2017.01.09"]

1. c4 Nf6 2. Nc3 g6 3. g3 Bg7 4. Bg2 O-O 5. d4 d6 6. Nf3 Nc6 7. O-O a6 8. Bf4
Bg4 9. Rc1 Nd7 10. Be3 Bxf3 11. Bxf3 e5 12. d5 Ne7 13. Ne4 Nf5 14. Bd2 Nd4 15.
Bg2 f5 16. Nc3 f4 17. e3 fxe3 18. fxe3 Rxf1+ 19. Qxf1 Bh6 20. Ne4 Nf5 21. Bh3
Qf8 22. Qf2 Nc5 23. Nxc5 dxc5 24. Bxf5 gxf5 25. b4 b6 26. a3 Qf7 27. Rf1 Rf8 28.
bxc5 bxc5 29. Bc3 Qe7 30. Kh1 Bg7 31. Qe2 Qg5 32. Kg2 Kh8 33. h3 Kg8 34. e4 h5
35. Kh2 Rf7 36. Rf3 Rf8 37. Bd2 f4 38. Qg2 Qg6 39. Rb3 Kh7 40. gxf4 exf4 41.
Qxg6+ Kxg6 42. Kg2 Be5 43. Kf3 Kf6 44. Be1 Rg8 45. Bh4+ Kf7 46. Rb1 Rg6 47. Bf2
Rg8 48. a4 Bd6 1-0

[Event "15th Delhi Open 2017"]
[Site "New Delhi IND"]
[Date "2017.01.15"]
[Round "9.12"]
[White "Roy Chowdhury, Saptarshi"]
[Black "Neverov, Valeriy"]
[Result "1/2-1/2"]
[WhiteTitle "GM"]
[BlackTitle "GM"]
[WhiteElo "2351"]
[BlackElo "2478"]
[WhiteFideId "5002974"]
[BlackFideId "14100150"]
[EventDate "2017.01.09"]

1. e4 c5 2. Nf3 e6 3. d3 d5 4. Nbd2 Nc6 5. g3 Bd6 6. Bg2 Nge7 7. O-O O-O 8. Re1
f6 9. c3 Bd7 10. a3 a5 11. exd5 exd5 12. c4 Bg4 13. cxd5 Nd4 14. h3 Bh5 15. Nc4
Bxf3 16. Bxf3 b5 17. Nxd6 Nxf3+ 18. Qxf3 Qxd6 19. a4 Qxd5 20. Qe4 Qxe4 21. Rxe4
Nd5 22. Be3 Nxe3 23. Rxe3 Rab8 24. Re6 c4 25. axb5 cxd3 26. Rd6 Rfd8 27. Rxd8+
Rxd8 28. Rd1 Kf7 29. Kg2 Ke6 30. Kf3 d2 31. Ke3 Rb8 32. Rxd2 Rxb5 33. h4 h5 34.
Rc2 Ke5 35. Re2 Rb3+ 36. Kd2+ Kf5 37. Kc2 Rf3 38. Kd2 Kg4 39. Ke1 Rb3 40. Rc2
Kf3 41. Kf1 Rd3 42. Ke1 Rd5 43. Rc7 Kg2 44. Rxg7 Re5+ 45. Kd2 Kxf2 46. Rg6 Kf3
47. Kc3 Rb5 48. b3 Rb6 49. Kc4 Rb4+ 50. Kc3 Rb5 51. Kc2 Rc5+ 52. Kd3 Rf5 53. Kc3
Ke4 54. Kc4 Rf3 55. g4 hxg4 56. Rxg4+ Ke5 57. Rd4 Rf4 58. Rxf4 Kxf4 59. Kb5 Kg4
60. Kxa5 f5 61. b4 f4 62. b5 f3 63. b6 f2 64. b7 f1=Q 65. b8=Q Qa1+ 66. Kb6 Qb2+
67. Kc7 Qxb8+ 68. Kxb8 Kxh4 1/2-1/2

[Event "15th Delhi Open 2017"]
[Site "New Delhi IND"]
[Date "2017.01.15"]
[Round "9.13"]
[White "Grover, Sahaj"]
[Black "Gireman, Ja"]
[Result "1-0"]
[WhiteTitle "GM"]
[WhiteElo "2467"]
[BlackElo "2199"]
[WhiteFideId "5021103"]
[BlackFideId "5043794"]
[EventDate "2017.01.09"]

1. d4 Nf6 2. Bf4 g6 3. Nc3 d6 4. e4 Bg7 5. Qd2 O-O 6. O-O-O c6 7. Bh6 b5 8. Bxg7
Kxg7 9. e5 dxe5 10. dxe5 Qxd2+ 11. Rxd2 Ng4 12. Nf3 Nd7 13. e6 fxe6 14. h3 Nge5
15. Nd4 Nb6 16. Re2 b4 17. Ne4 Rd8 18. Rd2 Rd5 19. Ng5 Rd6 20. Ne4 Rd5 21. f4
Nec4 22. Bxc4 Nxc4 23. Rd3 c5 24. Nb5 Rb8 25. Nc7 Rxd3 26. cxd3 Ne3 27. g4 Rb6
28. Kd2 Ng2 29. Rc1 Rc6 30. Rxc5 Rxc5 31. Nxc5 Nxf4 32. Nb5 e5 33. Nxa7 Ne6 34.
Nxc8 Nxc5 35. Nxe7 b3 36. axb3 Nxb3+ 37. Kc3 Nd4 38. Nd5 Kf7 39. b4 Ke6 40. Kc4
h5 41. gxh5 gxh5 42. Nf4+ Kf5 43. Nxh5 Ne6 44. b5 Kg5 45. b6 Nd8 46. Ng3 1-0

[Event "15th Delhi Open 2017"]
[Site "New Delhi IND"]
[Date "2017.01.15"]
[Round "9.14"]
[White "Kathmale, Sameer"]
[Black "Neelotpal, Das"]
[Result "1/2-1/2"]
[WhiteTitle "IM"]
[BlackTitle "GM"]
[WhiteElo "2313"]
[BlackElo "2462"]
[WhiteFideId "5024498"]
[BlackFideId "5003512"]
[EventDate "2017.01.09"]

1. e4 e5 2. Nc3 Nf6 3. g3 Nc6 4. Bg2 Bc5 5. Nge2 a6 6. Nd5 d6 7. O-O O-O 8. c3
Nxd5 9. exd5 Ne7 10. d4 exd4 11. Nxd4 Nf5 12. a4 Qf6 13. Nb3 Ba7 14. Qh5 Re8 15.
Bg5 Qg6 16. Qxg6 hxg6 17. Rfe1 Bd7 18. a5 f6 19. Bd2 Bb5 20. Bf1 Bxf1 21. Kxf1
Kf7 22. Rxe8 Rxe8 23. Re1 1/2-1/2

[Event "15th Delhi Open 2017"]
[Site "New Delhi IND"]
[Date "2017.01.15"]
[Round "9.15"]
[White "Pranav, Shetty"]
[Black "Shyaamnikhil, P"]
[Result "0-1"]
[BlackTitle "IM"]
[WhiteElo "2199"]
[BlackElo "2446"]
[WhiteFideId "5035058"]
[BlackFideId "5024218"]
[EventDate "2017.01.09"]

1. e4 e6 2. d4 d5 3. Nc3 Bb4 4. e5 b6 5. a3 Bf8 6. Qg4 Ba6 7. Bxa6 Nxa6 8. Nge2
Qd7 9. O-O Ne7 10. Ng3 c5 11. Nce2 cxd4 12. Nxd4 Nc6 13. Nf3 Qc7 14. c4 h5 15.
Nxh5 Nxe5 16. Nxe5 Qxe5 17. Ng3 O-O-O 18. Bg5 f6 19. Bf4 f5 20. Bxe5 fxg4 21.
cxd5 Rxd5 22. Rfe1 Nc5 23. Rad1 Kd7 24. Rxd5+ exd5 25. Bc3 Nd3 26. Rd1 Nf4 27.
Be5 Ng6 28. Bd4 Ne7 29. Bc3 Rh6 30. Rd4 Rg6 31. Rf4 Ke8 32. Nf5 Nxf5 33. Rxf5
Rc6 34. Re5+ Kf7 35. Rxd5 Bxa3 36. Rd7+ Be7 37. Rxa7 Ke6 38. Ra4 Kf5 39. g3 g5
40. Rd4 Rd6 41. Rc4 Rd1+ 42. Kg2 Rc1 43. Rc6 Bc5 44. Bd4 Ke4 45. Bxc5 bxc5 46.
Re6+ Kd3 47. Re5 c4 48. Rxg5 Rb1 49. Rd5+ Kc2 50. Rd4 Kb3 51. Rxg4 Rxb2 52. Rg8
c3 53. h4 c2 54. Rc8 Rb1 55. h5 c1=Q 56. Rxc1 Rxc1 57. g4 Kc4 58. Kg3 Kd5 59.
Kf4 Ke6 60. Kg5 Kf7 61. Kh6 Rc4 62. f3 Kg8 63. Kg5 Kg7 64. f4 Rc5+ 65. Kh4 Rc4
66. Kg5 Ra4 67. Kf5 Ra5+ 68. Ke6 Ra6+ 69. Kf5 Rf6+ 70. Ke5 Rh6 71. Kf5 Kf7 72.
Kg5 Ra6 73. Kf5 Rh6 74. Kg5 Rf6 75. f5 Ra6 76. Kf4 Ra4+ 77. Kg5 Rb4 78. h6 Rb1
79. Kf4 Rf1+ 80. Ke5 Rg1 81. Kf4 Kf6 82. h7 Kg7 83. g5 Kxh7 0-1